000 00989nam a2200277Ia 4500
003 GCL
008 140319s9999 xx 000 0 ara d
020 _a581875977
040 _aGCL /
_cGCL
082 0 4 _a813.088
_bس م
100 1 _aسميح عاطف الزين
245 1 0 _aمحمد خاتم النبيين صلى الله عليه وسلم /
_cسميح عاطف الزين
700 1 _aعبدالتواب يوسف
250 _aالاولى
260 _aالقاهرة :
_bدار الكتاب المصرى ،
_c1991
260 _aبيروت :
_bدار الكتاب اللبنانى ،
_c1991
300 _aمتعدد ؛
_c24سم
490 _aقصص الانبياء للابناء
_v28
650 0 4 _aالسيرة النبوية
650 0 4 _aالاسلام - تاريخ
650 0 4 _aالوحى
650 0 4 _aفتح مكة
650 0 4 _aالمسلمون واليهود
650 0 4 _aاهل بيت الرسول صلى الله عليه وسلم
942 _2ddc
_cBK
999 _c5863
_d5863